| 000 | 00765nam a2200253 i 4500 | ||
|---|---|---|---|
| 001 | 65860 | ||
| 003 | ES-MaACL | ||
| 005 | 20230906165504.0 | ||
| 007 | t| | ||
| 008 | 040122s1967 sp ||||1| spa d | ||
| 080 | _a133.5:54 | ||
| 080 | _a726.6(44) | ||
| 100 | 1 |
_aFulcanelli. _952993 |
|
| 245 | 1 | 3 |
_aEl misterio de las catedrales / _cFulcanelli ; [traducción de J. Ferrer Aleu]. |
| 250 | _a[1ª ed.]. | ||
| 260 |
_aBarcelona : _bPlaza & Janés, _c[1967] |
||
| 300 |
_a268 p., 49 lám. ; _c22 cm. |
||
| 650 | 4 |
_aCatedrales góticas. _9156614 |
|
| 650 | 4 |
_aArquitectura- _xAspectos simbólicos. _9156615 |
|
| 650 | 4 |
_aSimbolismo cristiano. _917106 |
|
| 650 | 4 |
_aAlquimia. _99742 |
|
| 700 | 1 |
_aFerrer Aleu, J. _950442 |
|
| 852 |
_aES-MaACL _jC-34375 _bR.64966 |
||
| 999 |
_c65860 _d65860 |
||